[Event "Golden State op 5th"]
[Site "Concord"]
[Date "2014.01.20"]
[Round "7"]
[White "Roiz, Michael"]
[Black "Ipatov, Alexander"]
[Result "1/2-1/2"]
[WhiteElo "2614"]
[BlackElo "2615"]
[Annotator "Roiz,M"]
[PlyCount "75"]
[EventDate "2014.01.17"]
[EventType "swiss"]
[EventRounds "7"]
[EventCountry "USA"]
[SourceTitle "CBM 159"]
[Source "ChessBase"]
[SourceDate "2014.03.17"]
[SourceVersion "1"]
[SourceVersionDate "2014.03.17"]
[SourceQuality "1"]

{The tournament situation was pretty clear before the last round: I needed a
draw to share the 1st place, while winning this game could yield me more. At
the same time, Alexander had half a point less and only a win would do for him.
} 1. d4 b6 {That move wasn't too surprising for me - it is a part of
Alexander's repertoire and he had to fight for a win.} 2. Nf3 Bb7 3. c4 Nf6 4.
g3 g6 (4... e6 {is more solid but also very safe for White.}) 5. Bg2 Bg7 {
Quite a rare system, but the talented young grandmaster goes for it for a
second time in the tournament!} 6. d5 O-O 7. Nc3 d6 $6 {Obviously Black cannot
hope to equalise by leaving his bishop passive on b7. At the same time, at
least that allows him to keep as many pieces on the board as possible!} ({
Against my friend Victor Mikhalevski he went for} 7... e6 8. O-O exd5 9. cxd5 {
but failed to equalise as well.}) 8. O-O e5 {If Black doesn't push now, White
may avoid this move by playing Nf3-d4 on the next move.} ({The alternatives
are not very exciting for Black:} 8... c5 9. e4 Nbd7 10. Re1 Ne8 11. Bf4 Ne5
12. Qe2 Nxf3+ 13. Bxf3 $14 {1/2-1/2 Margvelashvili,G (2434)-Shanava,K (2490)/
Tbilisi 2006/CBM 110 ext (29)}) (8... c6 9. Bg5 h6 10. Bf4 cxd5 11. cxd5 b5 12.
Qb3 b4 13. Qxb4 Bxd5 14. Nxd5 Nxd5 15. Qb7 $14 {1/2-1/2 Potkin,V (2580)
-Shirazi,K (2406)/Sautron 2006/EXT 2007/[RR] (52)}) 9. e4 (9. dxe6 $6 {
promises nothing special:} fxe6 10. c5 bxc5 11. Qb3 Bc8 $13) 9... Nbd7 10. Ne1
{A standard manoeuvre for such structures - White is freeing a way for the Pf2,
so he can either push f2-f4 or secure the best spot for the Bc1 by f2-f3.} a5 {
Sooner or later this should be played, since Black cannot allow b2-b4 and
c4-c5 so easily.} 11. Rb1 $146 {I wasn't in a rush - the main plan is still
advancing my queenside pawns step by step.} ({In a preceding game Black didn't
face problems after} 11. Be3 Nc5 12. Rb1 Bc8 13. f3 Bd7 14. b3 Nh5 15. a3 f5
$132 {1/2-1/2 Fang,J (2322)-Ivanov,A (2590)/Mashantucket 2005/CBM 105 ext (36)}
) 11... Ba6 {That looks a bit weird, but Black may postpone the b2-b4 advance
for some time.} (11... Nc5 12. b3 Nfd7 13. a3 a4 14. b4 Nb3 15. Be3 $14) 12. b3
Qe7 13. Nc2 $5 {An interesting idea - I just wanted to put the Ne1 on b5 and
push b3-b4 as soon as possible.} ({I didn't like exchanging one pair of
knights after} 13. Nd3 Nc5 14. Nxc5 bxc5 15. Be3 $14) 13... Kh8 {A standard
prophylactic move. Now Black may consider 14...Ng8 and f7-f5 or Bg7-h7 later
on.} 14. Na3 h5 {Objectively speaking, that is a kind of weakening move, but
Alexander was forced to take a risk.} (14... Ng8 15. Nab5 Nc5 16. a3 $14) 15.
Bg5 {Accepting the challenge - that pin was too tepmpting!} (15. Nab5 {There
was nothing wrong with} Nc5 16. Re1 $14) 15... Rfe8 16. Nab5 Nf8 {White is
clearly better due to his space advantage and the poor placement of Black's
minor pieces. Starting from here, I had a couple of good alternatives almost
on each move.} 17. a3 {A slight inaccuracy.} ({It took me some time to reject} 
17. Qd2 $6 N8h7 18. Bh6 Bxh6 19. Qxh6 g5 $132 {[%csl Rh6]}) ({But I really
like the following prophylactic strategy:} 17. Bh4 $5 N8h7 18. f4 $1 Qd7 19.
Qd3 $16 {and Black is really suffering since he has problems on the both sides
of the board.}) 17... N8h7 18. Bd2 Ng4 $1 {White is still better of course,
but at least Black has some counterplay on the kingside.} 19. f3 {This move is
not bad at all, but it was connected with a wrong idea.} ({It would be much
easier to restrict Black:} 19. h3 $1 Ngf6 (19... Nh6 20. f4 exf4 21. Bxf4 $16 (
21. gxf4 f5 22. e5 dxe5 23. d6 cxd6 24. Nd5 $16)) 20. Qe2 $14) 19... Nh6 20.
Qc1 g5 $6 {[%mdl 16384] Too provocative - Black wasn't prepared for such
aggressive measures.} (20... Ng8 $142 $14) 21. b4 $2 $138 {I can hardly
explain why I spent so much time on my previous moves, but as a result I
allowed him to get clear counterplay.} ({Of course, it was necessary to go for
the most principled} 21. h4 $1 f6 (21... gxh4 22. Bxh6 hxg3 23. Bxg7+ Kxg7 24.
f4 Qh4 25. Rf3 Qh2+ 26. Kf1 Bxb5 27. Nxb5 h4 28. Qe3 $18) 22. Kf2 Nf7 23. Rh1
g4 24. fxg4 hxg4 25. Rf1 $16 {and White is almost winning here.}) 21... axb4
22. axb4 f5 $1 $132 {Finally after a lot of suffering Black gets exactly what
he wanted after the opening.} 23. exf5 (23. Ra1 f4 $132) 23... Nxf5 24. Re1 $6
{One more move in a wrong direction - the rook is not doing much there.} (24.
Qc2 Nd4 25. Qd3 Nxb5 26. Nxb5 Bxb5 27. cxb5 $132) 24... Qf7 $1 {Only now did I
realise that my knights are actually far away from the critical zone, while
the c4-c5 advance is still problematic.} 25. Ra1 (25. Qc2 h4 26. g4 Nd4 27.
Nxd4 exd4 28. Ne4 b5 29. c5 Qxd5 30. Bf1 $132) 25... h4 {Both players were
under time pressure and had to take a tough decisions on each move.} (25... Rf8
$5) 26. g4 h3 $6 {There was no need to complicate the matters even more.} ({
During the game I didn't like my position after} 26... Bxb5 $5 27. Nxb5 Nd4 28.
Nxd4 exd4 $132) 27. Bxh3 ({I could bravely let him take my passive
light-squared bishop, as after} 27. gxf5 hxg2 28. Ra3 $1 (28. Qc2 Reb8 29. Be3
Bc8 30. Qxg2 Bxf5 31. Ne4 $14) 28... Reb8 29. Qa1 Bb7 30. Ne4 Rxa3 31. Qxa3 Rf8
32. Ng3 Bxd5 33. cxd5 Qxd5 34. Nxc7 Qxd2 35. Re2 Qd1+ 36. Kxg2 $14 {White is
in control again.}) 27... Bxb5 (27... Nh4 28. Bg2 Nxf3+ 29. Bxf3 Qxf3 30. Qd1
Qf7 31. Rf1 Qe7 32. Ne4 $14) 28. Rxa8 (28. Nxb5 Rxa1 29. Qxa1 Nh4 30. Bg2 Nxf3+
31. Bxf3 Qxf3 32. Qd1 $14) 28... Rxa8 29. Nxb5 Nh4 30. Bg2 e4 $6 {That is just
too much - Black doesn't get anything special for a second pawn.} ({An
interesting balanced position could arise after} 30... Nxf3+ 31. Bxf3 Qxf3 32.
Qd1 Qd3 33. Qe2 Qb3 34. Bc3 (34. Nxc7 Ra2 $132) 34... Ra2 35. Qd3 Nf6 36. h3
$132) 31. fxe4 Be5 32. Rf1 Qg7 33. Qc2 $1 $138 {Objectively speaking, White's
position is winning here, but when you are under time pressure things do not
seem so obvious.} ({I correctly rejected} 33. Bc3 Ra2 $1 (33... Nxg2 34. Kxg2
Ra2+ 35. Rf2 Rxf2+ 36. Kxf2 Nf6 37. Kg1 Nxg4 38. Qd1 $1 Bxc3 39. Qxg4 Bxb4 40.
Qc8+ Kh7 41. Qxc7 $16) 34. Rf2 Rxf2 35. Kxf2 Qf6+ 36. Kg1 Nf3+ 37. Bxf3 Qxf3
38. Bxe5+ dxe5 $132) 33... Nf8 34. h3 $2 {A serious loss of time.} ({I could
prevent any counterplay by} 34. Be3 $142 Qe7 35. Qd2 $18) 34... Qe7 $1 {
[%cal Gf8g6,Gg6f4]} 35. Qc1 (35. Be3 Nfg6 36. Nd4 Nf4 37. Nc6 (37. Nf5 Nxf5 38.
exf5 Ra3) 37... Qg7 38. Bxf4 Bxf4 $44) (35. Bf3 Nfg6 36. Bd1 Nf4 $44) 35... Qh7
(35... Ra2 36. Nc3 $18) 36. Qc2 {A safe decision.} (36. Qe1 Qe7 37. Qe3 Nfg6
38. Qxg5 Qxg5 39. Bxg5 Ra2 40. Bxh4 Nxh4 $132) ({It was almost impossible to
find all the precise moves in the following line:} 36. Bc3 $1 Nxg2 37. Kxg2
Qxe4+ 38. Kg1 Ng6 39. Re1 Qf3 40. Qe3 Nh4 41. Re2 $1 $16) 36... Qh6 $2 {
Pushing too hard for a win.} ({Of course,} 36... Qe7 {was called for.}) 37. Qc1
$2 {I just tried to stop him from bringing in his second knight and didn't
look for alternatives...} ({At the same time, Black's posiiton would quickly
collapse in the event of} 37. Bc3 Nfg6 38. Bxe5+ Nxe5 (38... dxe5 39. Nxc7 Rc8
40. Ne6 $18) 39. c5 bxc5 40. bxc5 $18) ({Or} 37. Bc1 Nfg6 38. Nxc7 Rc8 39. Ne6
$18) 37... Qh7 $2 ({Surprisingly enough we both missed} 37... Ra1 $1 {and after
} 38. Qxa1 Bxa1 39. Rxa1 $132 {all 3 results are possible.}) 38. Qc2 {A draw
was agreed when both players had about 1 minute on their clock. The game
wasn't clean, but a very exciting one!} 1/2-1/2

[Event "ISR-chT"]
[Site "Israel"]
[Date "2003.02.01"]
[Round "3"]
[White "Roiz, Michael"]
[Black "Kaspi, Alexander"]
[Result "1-0"]
[WhiteElo "2512"]
[BlackElo "2430"]
[Annotator "Roiz,M"]
[PlyCount "81"]
[EventDate "2003.01.??"]
[EventType "team"]
[EventRounds "11"]
[EventCountry "ISR"]
[SourceTitle "CBM 094"]
[Source "ChessBase"]
[SourceDate "2003.05.26"]
[SourceVersion "1"]
[SourceVersionDate "2003.05.26"]
[SourceQuality "1"]

1. d4 Nf6 2. Nf3 b6 3. g3 $5 {I tried to avoid main lines in E15 after 3.c4 b6
4.g3 Ba6} Bb7 4. c4 Bxf3 {This is slighty rare continuation. Black wants to
set up strong centre by c7-c6,e7-e6 and d7-d5.After that it will be very
difficult to use the weakness of white squares.} (4... e6 5. Bg2 {-E16-E19}) 5.
exf3 d5 (5... e6 6. Nc3 (6. Bg2 Bb4+ 7. Nc3 O-O 8. O-O d5 9. f4 c6 10. Qb3 a5
11. a3 Bxc3 12. bxc3 a4 13. Qa2 b5 14. cxb5 cxb5 15. Rb1 Qd7 16. Qb2 Ra5 17.
Qe2 Nc6 18. Bd2 Ne8 $15 {[%csl Ra3][%cal Ge8d6,Gd6c4] 1/2-1/2 Romanishin,
O-Kutuzovic,B/Zadar op 1995}) 6... c6 (6... Be7 7. d5 $1 $14 (7. f4 c6 8. Bd3
g6 9. O-O Na6 10. Re1 Nc7 11. Qf3 d5 12. Be3 Qd7 13. Rac1 O-O 14. Ne2 (14. b3
$14) 14... dxc4 15. Rxc4 Ncd5 $11 {0-1 Shvidler,E-Zoler,D/ISR-chT Israel 1999})
) 7. f4 g6 8. d5 $14) 6. Nc3 e6 7. f4 c6 $2 {This natural move is dubious
because white can immediately open the position.} (7... g6 $142 $1 8. b3 (8. f5
gxf5 9. Bg5 c6 $1 10. cxd5 cxd5 11. Qa4+ Nbd7 12. Bxf6 Qxf6 13. Bb5 Qd8 $13)
8... c6 9. Bg2 Bg7 10. O-O O-O 11. Be3 $14) 8. f5 $1 exf5 $8 9. Bg2 $1 (9. cxd5
Nxd5 10. Bg2 Nxc3 11. bxc3 Be7 12. O-O O-O 13. Qd3 g6 $14) 9... Bb4 (9... dxc4
10. O-O Be7 11. d5 $36) 10. cxd5 Nxd5 (10... cxd5 $4 11. Qa4+) (10... Bxc3+ 11.
bxc3 cxd5 12. Ba3 $16) 11. O-O $1 Bxc3 (11... O-O 12. Nxd5 cxd5 13. Qb3 {
[%csl Rb4,Rd5]} Nc6 14. Rd1 $16) (11... Nxc3 12. bxc3 Bxc3 13. Ba3 $1 Bxa1 14.
Qxa1 $40 {[%cal Gf1e1,Gd4d5]} f6 $140 15. d5 $1 c5 16. Re1+ Kf7 (16... Kd7 17.
Qb1 {[%cal Gd5d6,Gb1b5,Gb1f5]}) 17. d6 Na6 18. Qc3 {[%cal Gc3c4]} Kg6 19. g4 $1
$18 {[%cal Gc3d3]}) 12. bxc3 O-O 13. Qd3 $1 $16 (13. c4 Nf6 {[%cal Gf6e4]})
13... Qf6 (13... b5 14. a4) 14. Re1 $1 Nd7 (14... Rd8 15. Ba3 $1 {[%csl Re7]
[%cal Ga3e7,Gc3c4]} Qg6 16. c4 Nf6 17. Be7 Rc8 18. Re5 {[%csl Rf5]}) 15. Ba3 $1
{Now black cannot avoid material loss.} Rfc8 (15... Rfe8 16. Bxd5 cxd5 17. Qb5
Qd8 (17... Rxe1+ 18. Rxe1 Nf8 19. Re8 $18) 18. Qxd5 $16) 16. c4 Nc7 17. Be7 $1
Qg6 18. Bh3 Ne6 19. Bxf5 {White bishops are doing a nice job in this game!} Qh5
(19... Qh6 20. d5 cxd5 21. cxd5 Ndc5 22. Bxc5 Nxc5 23. Bxc8) 20. d5 cxd5 21.
cxd5 Nec5 22. Bxc5 Nxc5 23. Bxc8 $1 $18 {[%cal Ge1e8] The rest is simple.} Rxc8
24. Qe3 {[%cal Ge1e8]} h6 25. Rad1 Rd8 26. d6 Ne6 27. Qd3 {[%cal Gd3a6]} Qc5
28. Re3 Qc6 29. d7 g6 (29... Nc5 30. Qd5 Qxd5 31. Re8+ Kh7 32. Rxd5 Rxd7 33.
Rxd7 Nxd7 34. Re7) 30. Qd5 Qxd5 31. Rxd5 Kf8 32. Ra3 Ra8 (32... a5 33. Rb3 Nc7
34. Rd1 b5 35. Rc3 Ne6 36. Rd5) 33. Rd6 Ke7 34. Rxb6 axb6 35. Rxa8 Kxd7 36. Kf1
Nc7 37. Rb8 Nd5 38. Ke1 Ke6 39. Kd2 h5 40. Kd3 Ke5 41. Kc4 {[%mdl 517]} 1-0

[Event "EU-chT (Men) 21st"]
[Site "Heraklion"]
[Date "2017.10.31"]
[Round "4.2"]
[White "Brunello, Sabino"]
[Black "Short, Nigel D"]
[Result "0-1"]
[WhiteElo "2555"]
[BlackElo "2698"]
[Annotator "Roiz,M"]
[PlyCount "62"]
[EventDate "2017.10.28"]
[EventType "team-swiss"]
[EventRounds "9"]
[EventCountry "GRE"]
[SourceTitle "CBM 182"]
[Source "ChessBase"]
[SourceDate "2018.01.17"]
[SourceVersion "1"]
[SourceVersionDate "2018.01.17"]
[SourceQuality "1"]
[WhiteTeam "Italy"]
[BlackTeam "England"]
[WhiteTeamCountry "ITA"]
[BlackTeamCountry "ENG"]

1. d4 Nf6 2. c4 b6 {Nigel chooses a very rare opening line.} 3. f3 {This is
definitely one of the most ambitious replies - White is going to seize the
centre.} Nc6 4. Nc3 (4. e4 e5 5. d5 Nd4 {feels acceptable for Black.}) 4... e5
5. d5 Ne7 6. e4 Ng6 7. Be3 Bc5 8. Bxc5 {A double-edged decision. Black's pawn
structure is getting damaged, but Black might benefit from opening the b-file.}
({The immediate} 8. Qd2 {isn't without merit:} d6 9. O-O-O h5 10. h4 Bd7 11. g3
$14 {Wojtaszek,R - Vallejo Pons,F Berlin GER 2015}) 8... bxc5 9. Qd2 {This
natural move is a novelty.} ({Nothing special is on offer after} 9. d6 O-O 10.
Nge2 Rb8 11. dxc7 Qxc7 12. Qd2 d6 13. Rd1 Rd8 14. g3 Nf8 $132 {Manolache,M -
Zajarnyi,A Techirghiol 2000}) 9... d6 10. Bd3 (10. h4 $5 Nh5 (10... h6 11. h5
Ne7 12. g4 $14) 11. Nge2 (11. Qg5 Qxg5 12. hxg5 Ng3 13. Rh2 h6 14. gxh6 Rxh6
15. Rxh6 gxh6 $11) 11... O-O 12. Qg5 Ngf4 13. Nxf4 Nxf4 14. Qxd8 Rxd8 15. g3
Nh5 16. Rg1 $14) 10... O-O 11. O-O-O {The most ambitious choice. In the
resulting complicated position White's chances seem preferable due to a big
positional advantage.} Bd7 12. Nge2 c6 {This risky decision was fully
justified in the game,} ({but Black should have preferred} 12... Nh5 13. g3 Rb8
14. Kb1 Rb7 15. Ka1 $14) 13. dxc6 Bxc6 14. h4 $1 {Now the vulnerablity of the
d6-pawn causes Black big problems.} Rb8 15. h5 ({Another decent way of
extending the initiative was} 15. g4 $5 Ne7 16. Bc2 Ne8 17. Nd5 Nxd5 18. exd5
Bd7 19. Ng3 $36) 15... Ne7 16. g4 {White's initiative is lasting.} Qb6 $6 {
This over-optimistic move could have invited fresh troubles.} ({A better one
was} 16... Ne8 17. g5 Bd7 18. Bc2 Nc6 {White is better, but a complex struggle
lieis ahead.}) 17. Ng3 ({There seems to be an even more energetic move:} 17. g5
Nd7 18. Nd5 $1 Bxd5 19. exd5 f5 20. gxf6 Rxf6 21. Rh3 $40 {and it would be
very difficult for Black to withstand the attack.}) 17... h6 18. Rh2 $6 {
This is rather slow.} ({Again, it made sense to open up the g-file at once:} 
18. g5 $1 hxg5 19. Rh2 Nh7 20. Nf5 Rb7 21. Rg1 $36) 18... Nh7 19. f4 Bd7 $2 {
Returning the favour.} ({Instead, the correct} 19... Rfe8 $1 20. Rg2 (20. Nf5
Nxf5 21. exf5 exf4 22. Qxf4 Qb7 $132) 20... exf4 21. Qxf4 Ng5 22. Qxd6 Rbd8 23.
Qf4 Qa5 $44 {would have offered Black plenty of play for a pawn.}) 20. Nf5 Bxf5
21. exf5 {Now White has full control over the light squares.} f6 22. Be4 Rfd8
23. Rg1 $6 {Sabino is still focussed on the kingside attack,} ({but it was the
right moment for switching to positional paths:} 23. Re2 $1 Kh8 24. Bg2 Nc6 25.
Bxc6 Qxc6 26. fxe5 fxe5 27. b3 {and White's position is winning from the
strategic point of view: Black has too many weaknesses!}) 23... Kh8 24. g5 Qb4
$2 {In his turn, Nigel goes all in, leaving his king exposed.} ({A much better
try was} 24... fxg5 25. fxg5 d5 26. Bxd5 Nxg5 27. Qe3 Qf6 $14 {and Black's
position remains playable.}) 25. gxh6 gxh6 26. fxe5 dxe5 27. Qxh6 Rg8 28. Rhg2
$2 {After this unsuccessful decision the Qh6 is stuck in the corner till the
end...} ({Instead,} 28. Rxg8+ Rxg8 29. Rd2 $1 Qxc4 30. Rd7 Qf1+ 31. Kc2 Qf2+
32. Qd2 Qxd2+ 33. Kxd2 $18 {would have secured an easy win.}) 28... Rg5 29.
Rxg5 (29. a3 Qb3 30. Rxg5 Qxb2+ 31. Kd1 fxg5 {is about the same.}) 29... Qxb2+
30. Kd1 fxg5 31. f6 $4 {Alas, GM Brunello commits a terrible mistake at the
end.} ({Of course, White should have played} 31. Rxg5 Qa1+ 32. Kd2 Qb2+ 33. Kd1
$11 {and the draw is unavoidable.}) 31... Rd8+ {What a dramatic end!} ({
White resigns in view of} 31... Rd8+ 32. Nd5 (32. Bd5 Nf5 $19) 32... Qd4+ 33.
Kc1 Qxg1+ 34. Kc2 Qf2+ 35. Kd1 Qd4+ 36. Kc1 Qxc4+ 37. Bc2 Nf5 $19) 0-1

[Event "Wch U20 54th"]
[Site "Khanty-Mansiysk"]
[Date "2015.09.07"]
[Round "6"]
[White "Leiva Rodriguez, Jeammarco Giuseppe"]
[Black "Bluebaum, Matthias"]
[Result "0-1"]
[WhiteElo "2400"]
[BlackElo "2580"]
[Annotator "Schulz,Andre"]
[PlyCount "50"]
[EventDate "2015.09.02"]
[EventType "swiss"]
[EventRounds "13"]
[EventCountry "RUS"]
[SourceTitle "EXT 2016"]
[Source "ChessBase"]
[SourceDate "2015.10.08"]
[SourceVersion "1"]
[SourceVersionDate "2015.10.08"]
[SourceQuality "1"]

1. Nf3 Nf6 2. c4 b6 3. g3 Bb7 4. Bg2 g6 5. d4 Bg7 6. O-O O-O 7. Qc2 c5 8. d5 b5
9. e4 bxc4 10. Nbd2 ({Eine sehr alte Vorgängerpartie verlief so:} 10. Nfd2 e6
11. Nc3 exd5 12. exd5 Na6 13. a3 d6 14. Nxc4 Nc7 15. Rd1 Ba6 16. Qa4 Bxc4 17.
Qxc4 Rb8 18. b4 cxb4 19. axb4 a6 20. Ra5 Qd7 21. Ne4 Nxe4 22. Qxe4 Nb5 23. Qh4
Nc3 24. Re1 Rfe8 25. Be3 Qb7 26. Qc4 Qxb4 27. Qxb4 Rxb4 28. Rxa6 Bf8 29. Rc6
Na4 30. Ra1 Reb8 31. Bf1 Nb6 32. Rd1 Nd7 33. h3 Ne5 34. Rc2 h5 35. f4 Nd7 36.
Bg2 Nf6 37. Bd4 Be7 38. Rc6 Ne8 39. Bf3 Bd8 40. Kg2 Bb6 41. Bc3 {1/2-1/2 (41)
Kortschnoj,V-Boleslavsky,I Leningrad 1956}) 10... e6 (10... d6 11. Nxc4 Nbd7
12. Rd1 Ng4 13. Bd2 Ba6 14. Rab1 Nge5 15. Nfxe5 Nxe5 16. Nxe5 Bxe5 17. Bc3 Bxc3
18. Qxc3 Rb8 19. e5 Qb6 20. h4 Bc8 21. b3 Bf5 22. Rbc1 h5 23. Re1 Qa6 24. Qd2
Rb4 25. Bf1 Qc8 26. Bc4 Qc7 27. Qc3 Rb7 28. Re3 dxe5 29. Rxe5 Qd6 30. Rce1 Rd8
31. Kg2 Rc7 32. Qe3 Kf8 33. Qh6+ Kg8 34. f3 Qf6 35. Qf4 Rd6 36. Qe3 Kf8 37.
Qh6+ Kg8 38. Qe3 Kf8 39. Qh6+ Kg8 {1/2-1/2 (39) Narayanan,S (2437)-Popov,I 
(2622) Chennai 2015}) 11. dxe6 (11. d6 Nc6 12. a3 Re8 13. Nxc4 Nd4 14. Nxd4
cxd4 15. Bg5 h6 16. Bxf6 Bxf6 17. Qa4 Bc6 {1/2-1/2 (17) Bayer,B (2451)-Medvegy,
Z (2510) Austria 2014}) 11... fxe6 12. e5 Ng4 13. Ne4 Na6 14. Qxc4 $2 (14. Qe2
Nb4 $15) 14... Rxf3 15. Bxf3 Nxe5 16. Qe2 Nxf3+ 17. Qxf3 {Die Diagonale b7-g2
ist nun dauerhaft geschwächt.} Qb6 $17 18. Qg4 Nb4 19. Bg5 Nc2 20. Rad1 Nd4
21. Bf6 Rf8 22. Bxg7 Kxg7 23. f3 Qc6 $2 ({Besser war} 23... Qxb2 24. Qg5 Kg8
25. Nf6+ $2 (25. Qe3 Qxa2 $17) 25... Rxf6 26. Qxf6 Nxf3+ $19) 24. Nxc5 $4 (24.
Qg5 Nxf3+ 25. Rxf3 Rxf3 26. Qe5+ Kg8 27. Qb8+ Qc8 28. Qxc8+ Bxc8 29. Nxc5 d5
$17) (24. b4 $1 {und die Sache ist überhaupt nicht mehr klar:} h5 25. Qg5
Nxf3+ (25... Rxf3 $2 26. Rxd4 Rxf1+ 27. Kxf1 cxd4 28. Qe7+ Kh8 29. Qf8+ Kh7 30.
Ng5#) 26. Rxf3 Rxf3 27. Qe5+ Kg8 28. Qb8+ Bc8 (28... Qc8 29. Qxc8+ Bxc8 30. Nd6
Ba6 31. b5) 29. Nd6 Rf8 30. Rf1 $13) 24... Nxf3+ 25. Rxf3 Qxc5+ 0-1

[Event "URS-chT Republics 19th Group1"]
[Site "Azov"]
[Date "1991.??.??"]
[Round "3"]
[White "Anastasian, Ashot"]
[Black "Sideif Sade, Fikret Israfil O"]
[Result "1-0"]
[WhiteElo "2485"]
[BlackElo "2420"]
[Annotator "Schussler,H"]
[PlyCount "81"]
[EventDate "1991.??.??"]
[EventType "team-tourn"]
[EventRounds "5"]
[EventCountry "URS"]
[SourceTitle "EXT 2020"]
[Source "ChessBase"]
[SourceDate "2019.10.17"]
[SourceVersion "1"]
[SourceVersionDate "2019.10.17"]
[SourceQuality "1"]
[WhiteTeam "Armenia"]
[BlackTeam "Azerbaijan"]
[WhiteTeamCountry "ARM"]
[BlackTeamCountry "AZE"]

1. d4 Nf6 2. c4 c6 3. Bf4 Qb6 $5 4. Qd2 $1 Ne4 5. Qc2 d5 (5... Qxd4 6. e3 Qf6
7. Qxe4 Qxb2 8. Qd4 Qc1+ 9. Qd1 Qb2 10. Nd2 $18) 6. e3 Bf5 7. Qb3 e6 8. Nc3 Bb4
9. f3 Nxc3 10. bxc3 Be7 11. c5 Qa5 12. Ne2 b6 13. Ng3 Bg6 14. Qb4 Qxb4 15. cxb4
bxc5 16. bxc5 Nd7 17. Ba6 e5 18. Bxe5 Nxe5 19. dxe5 Bxc5 20. f4 h5 21. Kf2 Rb8
22. h4 Bc2 23. Rhe1 Ba3 24. Re2 Ba4 25. e4 g6 26. exd5 cxd5 27. Rd2 Rb2 28.
Rxb2 Bxb2 29. Rb1 Bd4+ 30. Kf3 Bb6 {30. - 0-0} 31. Bb5+ $18 Bxb5 32. Rxb5 d4
33. Ne4 Kd7 34. Nd6 f6 35. Nc4 Kc6 36. a4 Rf8 37. Ke4 f5+ 38. Kd3 Rd8 39. Nxb6
axb6 40. Rb4 Rd5 41. Rc4+ 1-0